000 00333nam a2200145Ia 4500
008 150201s2011 xx 000 0 und d
082 _a617.3
_bO07E
100 _aEBNEZER , JOHN
245 _aORTHOPAEDIC FOR NURSING
250 _a1ST
260 _bJAYPEE
_aDELHI
_c2011
300 _a437
650 _aORTHOPAEDIC
942 _2ddc
_cBK
999 _c2057
_d2057